00653 2200217 4500001002100000005001500021035002000036007000300056008004100059020002200100082001200122084001800134100002600152245014200178250001000320260004000330300002500370650002100395990001000416990000900426INLIS00000000000030620170920082823 a0010-0917000292ta170920 g 0 ind  a978-602-9247-75-6 a297.266 a297.266 NUR k0 aNurshamsul, Mariyanto1 aKonsep Kebidanan Dalam Perspektif Sains dan Islam :bMembangun Paradigma Sains Islam Bidang Kebidanan /cMariyanto Nurshamsul, SKM, M.Kes acet.1 aJakarta Selatan :bAMP Press,c2016 a218hlm ;c14 x 21 cm aKedokteran Islam a5440a a5440